<?xml version="1.0" encoding="UTF-8"?><?xml-stylesheet type="text/xsl" href="static/style.xsl"?><OAI-PMH xmlns="http://www.openarchives.org/OAI/2.0/" xmlns:xsi="http://www.w3.org/2001/XMLSchema-instance" xsi:schemaLocation="http://www.openarchives.org/OAI/2.0/ http://www.openarchives.org/OAI/2.0/OAI-PMH.xsd"><responseDate>2026-04-13T05:41:13Z</responseDate><request verb="GetRecord" identifier="oai:www.recercat.cat:10459.1/465030" metadataPrefix="marc">https://recercat.cat/oai/request</request><GetRecord><record><header><identifier>oai:recercat.cat:10459.1/465030</identifier><datestamp>2025-09-15T18:27:09Z</datestamp><setSpec>com_2072_3622</setSpec><setSpec>col_2072_479130</setSpec></header><metadata><record xmlns="http://www.loc.gov/MARC21/slim" xmlns:dcterms="http://purl.org/dc/terms/" xmlns:xsi="http://www.w3.org/2001/XMLSchema-instance" xmlns:doc="http://www.lyncode.com/xoai" xsi:schemaLocation="http://www.loc.gov/MARC21/slim http://www.loc.gov/standards/marcxml/schema/MARC21slim.xsd">
   <leader>00925njm 22002777a 4500</leader>
   <datafield ind2=" " ind1=" " tag="042">
      <subfield code="a">dc</subfield>
   </datafield>
   <datafield ind2=" " ind1=" " tag="720">
      <subfield code="a">Canessa, Stefano</subfield>
      <subfield code="e">author</subfield>
   </datafield>
   <datafield ind2=" " ind1=" " tag="720">
      <subfield code="a">Salgado-Rojas, José</subfield>
      <subfield code="e">author</subfield>
   </datafield>
   <datafield ind2=" " ind1=" " tag="720">
      <subfield code="a">Villero Pi, Daniel</subfield>
      <subfield code="e">author</subfield>
   </datafield>
   <datafield ind2=" " ind1=" " tag="720">
      <subfield code="a">Brotons, Lluís</subfield>
      <subfield code="e">author</subfield>
   </datafield>
   <datafield ind2=" " ind1=" " tag="720">
      <subfield code="a">Amat, Fèlix</subfield>
      <subfield code="e">author</subfield>
   </datafield>
   <datafield ind2=" " ind1=" " tag="720">
      <subfield code="a">Guinart Sureda, Daniel</subfield>
      <subfield code="e">author</subfield>
   </datafield>
   <datafield ind2=" " ind1=" " tag="720">
      <subfield code="a">Solórzano, Sonia</subfield>
      <subfield code="e">author</subfield>
   </datafield>
   <datafield ind2=" " ind1=" " tag="720">
      <subfield code="a">López, Lluís</subfield>
      <subfield code="e">author</subfield>
   </datafield>
   <datafield ind2=" " ind1=" " tag="720">
      <subfield code="a">Comas, Xavier</subfield>
      <subfield code="e">author</subfield>
   </datafield>
   <datafield ind2=" " ind1=" " tag="720">
      <subfield code="a">Hermoso, Virgilio</subfield>
      <subfield code="e">author</subfield>
   </datafield>
   <datafield ind2=" " ind1=" " tag="260">
      <subfield code="c">2023</subfield>
   </datafield>
   <datafield ind2=" " ind1=" " tag="520">
      <subfield code="a">Optimization methods are routinely used for landscape-level conservation planning, but still underused in supporting species recovery programs. A possible barrier is the difficulty in representing and optimizing complex multidimensional problems: for example, many species recovery programs require management at the population level, but also allocation of effort and resources across populations and over time. Optimization methods can help, but they must strike a balance: too much realism can be computationally unfeasible, but too much simplification can limit relevance for complex programs, exactly where decision support might be most needed.
We show how integer linear programming can be used to solve such a complex problem, combining multiple site-level demographic models with realistic management constraints under different sources of stochasticity and uncertainty. We apply this protocol to reintroduction planning for the critically endangered Montseny brook newt Calotriton arnoldi, optimizing site restoration efforts, captive releases from limited and variable stocks, and short- and long-term monitoring, all across 17 sites over 10 years.
For C. arnoldi, the optimal solution was generally to open as many sites as possible, as soon as allowed by budget, and to reinforce sites with additional releases. The number of new populations that could be established was limited not only by the high initial costs of restoring and preparing sites for releases, but also because opening new sites would require subsequent monitoring, eventually adding up to unsustainable costs.
Synthesis and applications. Our results suggest releases of Calotriton arnoldi should be dictated first by habitat restoration capacity, then by long-term sustainability. More generally, our study shows how quantitative decision-support methods can improve the value of science for conservation, and help managers find solutions to complex problems. However, deploying those methods requires close collaboration between managers and scientists, to ensure models are realistic, results are relevant, and the whole process is informative.</subfield>
   </datafield>
   <datafield ind2=" " ind1=" " tag="520">
      <subfield code="a">Fonds Wetenschappelijk Onderzoek, Grant/Award Number: FWO16/PDO/019; Ministerio de Ciencia e Innovación, Grant/Award Number: RYC- 2013- 13979; Agencia Nacional de Investigación y Desarrollo, Grant/Award Number: 2019— 72200381</subfield>
   </datafield>
   <datafield tag="653" ind2=" " ind1=" ">
      <subfield code="a">Captive breeding</subfield>
   </datafield>
   <datafield tag="653" ind2=" " ind1=" ">
      <subfield code="a">Decision-making</subfield>
   </datafield>
   <datafield tag="653" ind2=" " ind1=" ">
      <subfield code="a">Integer linear programming</subfield>
   </datafield>
   <datafield tag="653" ind2=" " ind1=" ">
      <subfield code="a">Monitoring</subfield>
   </datafield>
   <datafield tag="653" ind2=" " ind1=" ">
      <subfield code="a">Survival</subfield>
   </datafield>
   <datafield tag="653" ind2=" " ind1=" ">
      <subfield code="a">Translocation</subfield>
   </datafield>
   <datafield ind2="0" ind1="0" tag="245">
      <subfield code="a">Designing an optimal large-scale reintroduction plan for a critically endangered species</subfield>
   </datafield>
</record></metadata></record></GetRecord></OAI-PMH>